Loading...

History of India 1707-1857

Bibliografiske detaljer
Hovedforfatter: Lakshmi Subramanian
Format: Printed Book
Udgivet: New Delhi Orient Black Swan 2017
Fag:
LEADER 00472nam a22001457a 4500
020 |a 9788125040934 
082 |a 954  |b LAK/H 
100 |a Lakshmi Subramanian 
245 |a History of India 1707-1857 
260 |a New Delhi  |b Orient Black Swan  |c 2017 
300 |a 252p. 
650 |a India-History 
942 |c BK 
999 |c 43716  |d 43716 
952 |0 0  |1 0  |4 0  |6 954_000000000000000_LAKH  |7 0  |8 Stack  |9 47691  |a KUCL  |b KUCL  |c Stack  |d 2017-06-17  |l 1  |o 954 LAK/H  |p 44792  |r 2020-01-01  |s 2019-11-30  |w 2017-06-17  |y BK